| 000 | 00461nam a22001697a 4500 | ||
|---|---|---|---|
| 003 | CEME | ||
| 005 | 20210628203554.0 | ||
| 008 | 210201b xxu||||| |||| 00| 0 eng d | ||
| 040 | _c. | ||
| 082 | _a796 SAJ | ||
| 100 |
_aSajid Ehsan _966323 |
||
| 245 | _aKhailon kay alami record, olymapics football hockey cricket | ||
| 260 |
_aLAHORE _bHOLIDAY BOOKS _c2001 |
||
| 300 | _a320P | ||
| 650 |
_aSPORTS RECORDS.WORLD RECORD OF SPORTS _966324 |
||
| 942 |
_cBK _2ddc |
||
| 999 |
_c574305 _d574305 |
||